000 00789nam a2200205 a 4500
005 20230524063746.0
008 991125c1969 mx 000 0 spa u
035 _aUPN01000037106
049 _aCG
050 4 _aLB1589 E6.2
_bE3.38 1969 LM
100 1 _aEicholz, Robert E.
_930647
245 1 0 _aMatemática para la educación primaria :
_bguía del maestro para el segundo grado /
_cRobert E. Eicholz ; consultores y colab. Emerson Martin... [et al.].
250 _a2a ed.
260 _aBogotá ;
_aMéxico :
_bNorma ;
_bFondo Educativo Interamericano,
_cc1969.
300 _a415 p. :
_bil. col
440 0 _aSerie matemáticas para la educación primaria
650 4 _aMatemáticas
_xEstudio y enseñanza (Elemental)
_92809
700 1 _aMartin, Emerson,
_ecolab.
_929146
905 _aLibro
999 _c37106
_d37106